| 000 | 005920000a22001810004500 | ||
|---|---|---|---|
| 003 | MACL | ||
| 005 | 20160424140303.0 | ||
| 008 | 160424b xxu||||| |||| 00| 0 eng d | ||
| 040 |
_aMACL _cMACL |
||
| 041 | _aHindi | ||
| 082 | _a800 | ||
| 100 |
_aडॉ लक्ष्मीनारायण दुबे _940760 |
||
| 245 |
_aबालकृष्ण शर्मा नवीन _bगघ रचनावली |
||
| 260 |
_bसाहित्यवाणी _c1988 _aइलाहाबाद |
||
| 350 | _a600 | ||
| 650 |
_aLiteracture _953866 |
||
| 942 |
_cHIN _k800/NAV/L _2ddc |
||
| 999 |
_c20635 _d20635 |
||